LIBRARY ONLINE CATALOGUE

Finding God in the questions : (Record no. 21691)

MARC details
000 -LEADER
fixed length control field 01729cam a22004094a 4500
001 - CONTROL NUMBER
control field 13444228
003 - CONTROL NUMBER IDENTIFIER
control field OSt
005 - DATE AND TIME OF LATEST TRANSACTION
control field 20260616155526.0
008 - FIXED-LENGTH DATA ELEMENTS--GENERAL INFORMATION
fixed length control field 031224s2004 ilu b 000 0deng
010 ## - LIBRARY OF CONGRESS CONTROL NUMBER
LC control number 2003027940
020 ## - INTERNATIONAL STANDARD BOOK NUMBER
International Standard Book Number 0830832149
Qualifying information alk. paper
020 ## - INTERNATIONAL STANDARD BOOK NUMBER
International Standard Book Number 9780830832149
Qualifying information (alk. paper)
035 ## - SYSTEM CONTROL NUMBER
System control number 13444228
040 ## - CATALOGING SOURCE
Original cataloging agency DLC
Transcribing agency DLC
Modifying agency DLC
042 ## - AUTHENTICATION CODE
Authentication code pcc
050 00 - LIBRARY OF CONGRESS CALL NUMBER
Classification number BT1103
Item number .J64 2004
082 00 - DEWEY DECIMAL CLASSIFICATION NUMBER
Classification number 230
Edition number 22
100 1# - MAIN ENTRY--PERSONAL NAME
Personal name Johnson, G. Timothy,
Dates associated with a name 1936-
245 10 - TITLE STATEMENT
Title Finding God in the questions :
Remainder of title a personal journey /
Statement of responsibility, etc. Timothy Johnson.
260 ## - PUBLICATION, DISTRIBUTION, ETC. (IMPRINT)
Place of publication, distribution, etc. Downers Grove, Ill. :
Name of publisher, distributor, etc. InterVarsity Press,
Date of publication, distribution, etc. c2004.
300 ## - PHYSICAL DESCRIPTION
Extent 216 p. ;
Dimensions 22 cm.
336 ## - CONTENT TYPE
Content type term text
Content type code txt
Source rdacontent
337 ## - MEDIA TYPE
Media type term unmediated
Media type code n
Source rdamedia
338 ## - CARRIER TYPE
Carrier type term volume
Carrier type code nc
Source rdacarrier
504 ## - BIBLIOGRAPHY, ETC. NOTE
Bibliography, etc Includes bibliographical references (p. [213]-216).
505 0# - FORMATTED CONTENTS NOTE
Formatted contents note Why do the questions keep coming? -- Is the universe an accident? -- How did we get here? -- Who are we? -- Why bother with religion and the Bible? -- What did Jesus teach? -- Who was Jesus? -- How should faith shape our lives? -- Is God in control? -- Can we bet on the heart of God?
583 ## - ACTION NOTE
Action Cataloguing:
Time/date of action 20260616
Action agent gtanuigtanui
600 10 - SUBJECT ADDED ENTRY--PERSONAL NAME
Personal name Johnson, G. Timothy,
Dates associated with a name 1936-
650 #0 - SUBJECT ADDED ENTRY--TOPICAL TERM
Topical term or geographic name as entry element Apologetics.
650 #0 - SUBJECT ADDED ENTRY--TOPICAL TERM
Topical term or geographic name as entry element Religion and science.
650 #0 - SUBJECT ADDED ENTRY--TOPICAL TERM
Topical term or geographic name as entry element Christian life.
856 41 - ELECTRONIC LOCATION AND ACCESS
Materials specified Table of contents
Uniform Resource Identifier <a href="http://www.loc.gov/catdir/toc/ecip0412/2003027940.html">http://www.loc.gov/catdir/toc/ecip0412/2003027940.html</a>
906 ## - LOCAL DATA ELEMENT F, LDF (RLIN)
a 7
b cbc
c orignew
d 1
e ecip
f 20
g y-gencatlg
942 ## - ADDED ENTRY ELEMENTS (KOHA)
Source of classification or shelving scheme Library of Congress Classification
Koha item type General Collection
Holdings
Withdrawn status Lost status Source of classification or shelving scheme Not for loan Home library Current library Shelving location Date acquired Source of acquisition Inventory number Total Checkouts Full call number Barcode Date last seen Copy number Price effective from Koha item type
    Library of Congress Classification   Kabarak, Main Campus Kabarak, Main Campus General Stacks 16/06/2026 Donation 2026/3979   BT1103 .J64 2004 C.1 37975 16/06/2026 C.1 16/06/2026 General Collection